[Event "ICS rated blitz match"]
[Site "204.178.125.65"]
[Date "2001.01.22"]
[Round "?"]
[White "rogan"]
[Black "Hossa"]
[Result "0-1"]
[WhiteElo "1945"]
[BlackElo "2456"]
[PlyCount "30"]
[EventDate "2001.??.??"]

1. e4 c5 2. Nf3 Nc6 3. d4 cxd4 4. Nxd4 e6 5. Nc3 a6 6. Bc4 Ne5 7. Bb3 Bb4 8.
O-O d6 9. f4 Nc6 10. Nde2 Nf6 11. e5 Ng4 12. exd6 Nxh2 13. Re1 Bc5+ 14. Kh1 Ng4
15. Ng1 Nf2+ {rogan resigns} 0-1

[Event "ICS rated blitz match"]
[Site "204.178.125.65"]
[Date "2001.01.22"]
[Round "?"]
[White "Hossa"]
[Black "lizz"]
[Result "1-0"]
[WhiteElo "2458"]
[BlackElo "2143"]
[PlyCount "115"]
[EventDate "2001.??.??"]

1. e4 c5 2. c3 Nc6 3. Nf3 e6 4. Bb5 a6 5. Bxc6 dxc6 6. d3 Nf6 7. Bg5 h6 8. Bxf6
Qxf6 9. Nbd2 e5 10. Nc4 Bd6 11. Nb6 Rb8 12. Nxc8 Rxc8 13. Qb3 Qe7 14. O-O O-O
15. Qc2 Rfd8 16. a4 Bc7 17. b3 Rd7 18. Rfd1 Rcd8 19. Qe2 Ba5 20. Rac1 b5 21.
axb5 axb5 22. Qc2 Qe6 23. Ra1 Bb6 24. Ra6 Bc7 25. Ra7 Bb6 26. Rxd7 Rxd7 27. Ra1
Qd6 28. Qb1 f6 29. Ra8+ Kh7 30. Ne1 c4 31. bxc4 Qc5 32. Qa2 bxc4 33. h4 h5 34.
Qe2 g6 35. dxc4 Qd6 36. Ra6 Bc5 37. Ra5 Bb6 38. Ra2 Qd1 39. Kf1 Qxe2+ 40. Kxe2
Bd8 41. Nd3 Be7 42. Ra6 c5 43. Rc6 Kg7 44. Nxc5 Ra7 45. Ne6+ Kf7 46. Nc7 Ra2+
47. Kf3 Rc2 48. Nd5 Bd8 49. g3 Rc1 50. Ra6 Rc2 51. Ra8 Be7 52. Ra7 Kf8 53. Rxe7
Rxc3+ 54. Nxc3 Kxe7 55. Nd5+ Kd6 56. Nxf6 Kc5 57. Nd7+ Kxc4 58. Nxe5+ {
lizz resigns} 1-0

[Event "ICS rated blitz match"]
[Site "204.178.125.65"]
[Date "2001.01.22"]
[Round "?"]
[White "Hossa"]
[Black "lizz"]
[Result "1-0"]
[WhiteElo "2466"]
[BlackElo "2132"]
[PlyCount "45"]
[EventDate "2001.??.??"]

1. d4 d5 2. c4 e6 3. Nc3 c5 4. cxd5 exd5 5. Nf3 Nc6 6. g3 Nf6 7. Bg2 Be7 8. O-O
O-O 9. Bg5 cxd4 10. Nxd4 h6 11. Be3 Re8 12. Rc1 Bf8 13. Nxc6 bxc6 14. Na4 Bd7
15. Bc5 Ne4 16. Bxf8 Kxf8 17. Bxe4 Rxe4 18. Nc5 Re5 19. Re1 Bg4 20. Qd4 Rg5 21.
Nd3 Qd6 22. h4 Rg6 23. Ne5 {lizz resigns} 1-0

[Event "ICS rated blitz match"]
[Site "204.178.125.65"]
[Date "2001.01.22"]
[Round "?"]
[White "lizz"]
[Black "Hossa"]
[Result "0-1"]
[WhiteElo "2128"]
[BlackElo "2470"]
[PlyCount "72"]
[EventDate "2001.??.??"]

1. e4 c5 2. f4 e5 3. Nc3 exf4 4. Nf3 d6 5. Bc4 Bg4 6. O-O Nc6 7. d3 g5 8. h4
gxh4 9. Bxf4 Qd7 10. Qd2 h3 11. g3 O-O-O 12. Nh2 Be6 13. Bd5 Bg7 14. Bg5 Nge7
15. Rae1 Bd4+ 16. Kh1 Rdg8 17. Bf4 Bxd5 18. Nxd5 Nxd5 19. exd5 Ne7 20. c3 Bg7
21. c4 Ng6 22. b4 Nxf4 23. Qxf4 Bc3 24. bxc5 Bxe1 25. c6 Qe7 26. cxb7+ Kxb7 27.
c5 dxc5 28. d6 Qe6 29. Nf3 Bxg3 30. Rb1+ Ka8 31. Qa4 Qd5 32. Qe4 Qxe4 33. dxe4
Bxd6 34. e5 Bb8 35. Rc1 Rg3 36. Nh2 Rhg8 {lizz resigns} 0-1

[Event "ICS rated standard match"]
[Site "204.178.125.65"]
[Date "2001.01.22"]
[Round "?"]
[White "Hossa"]
[Black "kirby"]
[Result "1-0"]
[WhiteElo "2332"]
[BlackElo "2046"]
[PlyCount "77"]
[EventDate "2001.??.??"]

1. d4 Nf6 2. c4 g6 3. Nc3 Bg7 4. e4 d6 5. h3 e5 6. dxe5 dxe5 7. Qxd8+ Kxd8 8.
Nf3 Nbd7 9. Be3 c6 10. c5 Kc7 11. Ng5 Rf8 12. Bc4 b5 13. Bxf7 Kb8 14. Bb3 Re8
15. Ne6 Bh8 16. a3 a5 17. O-O Ba6 18. Rfd1 a4 19. Ba2 Kb7 20. Bh6 Re7 21. Rd2
Ng8 22. Rad1 Ndf6 23. Bf8 Ree8 24. Bd6 Rac8 25. Bxe5 h6 26. Rd7+ Ka8 27. Nc7+
Rxc7 28. Rxc7 Bb7 29. f4 h5 30. Rd6 h4 31. Bxg8 Rxg8 32. Bxf6 Bxf6 33. Rxf6 g5
34. fxg5 Kb8 35. Rh7 Bc8 36. Rxc6 Rxg5 37. Rb6+ Ka8 38. Nxb5 Rxc5 39. Ra7# {
kirby checkmated} 1-0

[Event "ICS rated blitz match"]
[Site "204.178.125.65"]
[Date "2001.01.22"]
[Round "?"]
[White "Hossa"]
[Black "cmslim"]
[Result "0-1"]
[WhiteElo "2474"]
[BlackElo "2881"]
[PlyCount "128"]
[EventDate "2001.??.??"]

1. d4 Nf6 2. c4 d6 3. Nc3 g6 4. e4 Bg7 5. Nf3 O-O 6. Be2 e5 7. dxe5 dxe5 8.
Qxd8 Rxd8 9. Bg5 Re8 10. Nd5 Nxd5 11. cxd5 c6 12. d6 f6 13. Be3 Bf8 14. Bc5 Be6
15. O-O Nd7 16. Ba3 Rad8 17. Rfd1 Nb6 18. Rd2 Rd7 19. g4 Red8 20. g5 Kf7 21.
Rad1 Bxa2 22. gxf6 Kxf6 23. Ra1 Bc4 24. Bc5 Bxe2 25. Rxe2 Nc8 26. Bxa7 Nxa7 27.
Rxa7 Bxd6 28. Kg2 Bc5 29. Ra5 Bb6 30. Ra2 Rd3 31. Ra4 Rb3 32. Rc2 Rdd3 33. Nd2
Rb5 34. Nc4 Bd4 35. Ra5 Rdb3 36. Ra3 Rxa3 37. bxa3 Rc5 38. a4 b5 39. axb5 cxb5
40. Na3 b4 41. Rxc5 Bxc5 42. Nb1 b3 43. Kg3 h5 44. h3 b2 45. Nd2 Bb4 46. Nb1
Kg5 47. Kf3 Kh4 48. Kg2 g5 49. f3 g4 50. hxg4 hxg4 51. Kf2 g3+ 52. Kg2 Be1 53.
Na3 Bc3 54. Nb1 Bb4 55. Kf1 Kh3 56. Ke2 g2 57. Kd1 g1=Q+ 58. Kc2 Qc1+ 59. Kb3
Qxb1 60. Kc4 Qd1 61. Kb5 b1=Q 62. Kb6 Bc5+ 63. Kc7 Qd6+ 64. Kc8 Qbb8# {
Hossa checkmated} 0-1

[Event "ICS rated standard match"]
[Site "204.178.125.65"]
[Date "2001.01.22"]
[Round "?"]
[White "BrazilianMaster"]
[Black "Hossa"]
[Result "1-0"]
[WhiteElo "2629"]
[BlackElo "2337"]
[PlyCount "81"]
[EventDate "2001.??.??"]

1. c4 e5 2. Nc3 Nc6 3. g3 f5 4. e3 Nf6 5. d4 exd4 6. exd4 Bb4 7. Bg2 O-O 8.
Nge2 d5 9. c5 b6 10. O-O Ba6 11. Bg5 Bc4 12. b3 Bxe2 13. Nxe2 Qd7 14. Bxf6 Rxf6
15. a3 Ba5 16. b4 Bxb4 17. axb4 bxc5 18. bxc5 Nd8 19. Nf4 c6 20. Ra6 Qb7 21.
Qa4 Rf7 22. Nxd5 Rb8 23. Nf4 Rc8 24. d5 g5 25. Nd3 Qb5 26. Qxb5 cxb5 27. d6 Kf8
28. Bd5 Rg7 29. c6 h5 30. Nc5 g4 31. Re1 Rxc6 32. Bxc6 Rf7 33. Re8+ Kg7 34.
Rxd8 b4 35. Bd5 b3 36. Bxf7 f4 37. Rg8+ Kxf7 38. Rg5 Kf6 39. d7+ Kf7 40. d8=Q
fxg3 41. Rxa7# {Hossa checkmated} 1-0

[Event "ICS rated standard match"]
[Site "204.178.125.65"]
[Date "2001.01.22"]
[Round "?"]
[White "Hossa"]
[Black "BrazilianMaster"]
[Result "0-1"]
[WhiteElo "2332"]
[BlackElo "2634"]
[PlyCount "122"]
[EventDate "2001.??.??"]

1. d4 d5 2. c4 c6 3. Nc3 Nf6 4. cxd5 cxd5 5. Nf3 Nc6 6. Bf4 Bf5 7. e3 e6 8. Ne5
Nxe5 9. Bxe5 Nd7 10. Bf4 Qb6 11. Bb5 a6 12. Bxd7+ Kxd7 13. Qd2 Bb4 14. O-O Rhc8
15. Be5 f6 16. Bf4 Rc4 17. Rfc1 Rac8 18. Qe2 Bxc3 19. bxc3 Rxc3 20. Rxc3 Rxc3
21. a3 Bd3 22. Qe1 Qb2 23. a4 b6 24. h3 Be4 25. Qf1 Ke7 26. Bg3 Rc4 27. Qe1 a5
28. Bb8 Bc2 29. Qc1 Qb4 30. Qf1 Kf7 31. Qe2 Bxa4 32. Qh5+ Kg8 33. Qg4 Rc6 34.
Qh5 Rc8 35. Bf4 b5 36. Qg4 Rc6 37. Qh5 Qe7 38. Bg3 Rc4 39. Qe2 Qd7 40. Qd2 b4
41. Qa2 b3 42. Qa3 Rc2 43. Rb1 Kf7 44. Qa1 Qc6 45. Qa3 Ra2 46. Qc5 Qxc5 47.
dxc5 b2 48. Rxb2 Rxb2 49. Bc7 e5 50. Bxa5 d4 51. f4 dxe3 52. fxe5 fxe5 53. Kh2
Bc6 54. h4 Rxg2+ 55. Kh3 Kg6 56. Bd8 Kh5 57. Ba5 h6 58. Bd8 e2 59. Ba5 g5 60.
hxg5 hxg5 61. Be1 g4# {Hossa checkmated} 0-1

[Event "ICS rated standard match"]
[Site "204.178.125.65"]
[Date "2001.01.22"]
[Round "?"]
[White "waspy"]
[Black "Hossa"]
[Result "1/2-1/2"]
[WhiteElo "2113"]
[BlackElo "2327"]
[PlyCount "84"]
[EventDate "2001.??.??"]

1. e4 c5 2. Nf3 Nc6 3. d4 cxd4 4. Nxd4 e6 5. Nf3 Nf6 6. Bd3 Bc5 7. O-O d6 8.
Nc3 O-O 9. Bg5 h6 10. Bh4 g5 11. Bg3 Nh5 12. Ne2 Bd7 13. h3 Nxg3 14. Nxg3 Qb6
15. Rb1 Qa5 16. a3 Qd8 17. Qe2 Rc8 18. Rbd1 Qf6 19. c3 Ne5 20. Nxe5 Qxe5 21.
Kh1 Bc6 22. Qg4 Ba4 23. Rde1 Bb3 24. f4 Qf6 25. e5 dxe5 26. fxe5 Qg7 27. Nh5 f5
28. exf6 Qf7 29. h4 Qd7 30. Be4 Kf7 31. hxg5 hxg5 32. Qf3 Rh8 33. g4 Bc4 34.
Rd1 Qb5 35. Rfe1 Qxb2 36. Rd7+ Kf8 37. Rxb7 Qxa3 38. Bg6 Rd8 39. Rf7+ Kg8 40.
Rg7+ Kf8 41. Rf7+ Kg8 42. Rg7+ Kf8 {Game drawn by mutual agreement} 1/2-1/2

[Event "ICS rated standard match"]
[Site "204.178.125.65"]
[Date "2001.01.22"]
[Round "?"]
[White "Hossa"]
[Black "BrazilianMaster"]
[Result "0-1"]
[WhiteElo "2318"]
[BlackElo "2642"]
[PlyCount "128"]
[EventDate "2001.??.??"]

1. d4 d6 2. Nf3 Bg4 3. c4 Nf6 4. e3 c5 5. dxc5 Qa5+ 6. Nc3 dxc5 7. Be2 Nc6 8.
O-O e6 9. h3 Bh5 10. e4 Qb6 11. Qc2 Be7 12. Bf4 O-O 13. Na4 Qa6 14. b3 Bg6 15.
Nc3 Rfd8 16. Bc7 Rd7 17. Be5 Rad8 18. Rad1 Nd4 19. Nxd4 cxd4 20. Bxf6 Bxf6 21.
Nb5 Qb6 22. c5 Qa5 23. a3 d3 24. Bxd3 Rxd3 25. Rxd3 Qxb5 26. Rxd8+ Bxd8 27. b4
a5 28. Rb1 Qc6 29. Qd3 Be7 30. Re1 Qa4 31. Qc3 h5 32. g3 h4 33. g4 Bg5 34. bxa5
Bd8 35. Qb4 Qxa5 36. Rd1 Qc7 37. a4 Be7 38. Rc1 Qf4 39. Rc4 Qf3 40. Qxb7 Bxc5
41. Rxc5 Bxe4 42. Qb8+ Kh7 43. Rh5+ Kg6 44. Rg5+ Kxg5 45. Qe5+ Kg6 46. Qh5+ Kf6
47. Qxh4+ g5 48. Qh6+ Ke7 49. Qxg5+ Ke8 50. Qb5+ Bc6 51. Qxc6+ Qxc6 52. a5 Qf3
53. a6 Qxh3 54. g5 Qg4+ 55. Kh2 Qxg5 56. Kh3 Qa5 57. Kg4 Qxa6 58. f4 Qd3 59. f5
exf5+ 60. Kf4 Ke7 61. Kg5 Qh3 62. Kf4 Ke6 63. Kg5 Qg4+ 64. Kh6 Qg6# {
Hossa checkmated} 0-1

[Event "ICS rated blitz match"]
[Site "204.178.125.65"]
[Date "2001.01.22"]
[Round "?"]
[White "Hossa"]
[Black "xLars"]
[Result "1-0"]
[WhiteElo "2471"]
[BlackElo "1960"]
[PlyCount "70"]
[EventDate "2001.??.??"]

1. d4 d5 2. c4 c6 3. Nc3 Nf6 4. e3 e6 5. Nf3 Nbd7 6. Qc2 Bd6 7. cxd5 exd5 8.
Bd3 O-O 9. O-O Re8 10. Re1 Nf8 11. e4 dxe4 12. Nxe4 Nxe4 13. Bxe4 Bg4 14. Ng5
g6 15. f3 Bd7 16. Qb3 Ne6 17. Qxb7 Nxg5 18. Bxg5 Qxg5 19. Qxd7 Qf4 20. g3 Qf6
21. Red1 Rad8 22. Qxc6 Qg5 23. Qa6 Bxg3 24. hxg3 Qxg3+ 25. Kf1 Qh3+ 26. Kf2
Qh2+ 27. Ke3 f5 28. Rh1 Qxb2 29. Qxa7 f4+ 30. Kxf4 Qd2+ 31. Kg3 Qg5+ 32. Kh3
Qh5+ 33. Kg2 Qg5+ 34. Kf1 Re7 35. Qc5 Rf7 {xLars resigns} 1-0

[Event "ICS rated blitz match"]
[Site "204.178.125.65"]
[Date "2001.01.22"]
[Round "?"]
[White "monsoon"]
[Black "Hossa"]
[Result "0-1"]
[WhiteElo "2458"]
[BlackElo "2473"]
[PlyCount "114"]
[EventDate "2001.??.??"]

1. e4 e6 2. d4 d5 3. Nc3 Nf6 4. e5 Nfd7 5. Nf3 c5 6. dxc5 Nc6 7. Bf4 Bxc5 8.
Bd3 O-O 9. Bxh7+ Kh8 10. Bd3 Qb6 11. O-O Qxb2 12. Ng5 g6 13. Qf3 Kg7 14. Qg3
Qxc3 15. Nxe6+ Kg8 16. Nxf8 Nxf8 17. Rae1 Nb4 18. Rb1 Qa3 19. Bxg6 Qxg3 20.
Bxf7+ Kxf7 21. Bxg3 Nxa2 22. Rb3 b6 23. Kh1 Bf5 24. Rb2 Nb4 25. c3 Nd3 26. Re2
d4 27. cxd4 Bxd4 28. Rd1 Ne6 29. f3 Rh8 30. Red2 Bxe5 31. Bxe5 Nxe5 32. Rd5 Kf6
33. Rd6 Rh7 34. Re1 Rh6 35. Ra1 Nc4 36. Rc6 Na5 37. Rd6 Bg6 38. Re1 Bf7 39. Ra1
Nc4 40. Rc6 Ne5 41. Rd6 Ke7 42. Rd5 Nc6 43. Re1 Nb4 44. Rb5 Nc2 45. Ree5 Kf6
46. Rf5+ Kg7 47. Rb2 Ne3 48. Rfb5 Nd4 49. Rg5+ Kf6 50. f4 Rh4 51. g3 Rh8 52. h4
Rc8 53. Rf2 Bd5+ 54. Rxd5 Nxd5 55. Rd2 Rc1+ 56. Kg2 Rc2 57. Rxc2 Nxc2 {
monsoon resigns} 0-1

[Event "ICS rated blitz match"]
[Site "204.178.125.65"]
[Date "2001.01.22"]
[Round "?"]
[White "Hossa"]
[Black "Amateur"]
[Result "1-0"]
[WhiteElo "2488"]
[BlackElo "2568"]
[PlyCount "141"]
[EventDate "2001.??.??"]

1. d4 Nf6 2. c4 e6 3. Nc3 Bb4 4. e3 c5 5. Nge2 cxd4 6. exd4 d5 7. a3 Be7 8.
cxd5 exd5 9. g3 O-O 10. Bg2 Be6 11. Nf4 Nc6 12. O-O Qd7 13. Be3 Na5 14. Re1
Rac8 15. Bd2 Nc4 16. b3 Nxd2 17. Qxd2 Rfe8 18. Nxe6 fxe6 19. Bh3 Rc6 20. f3 Bf8
21. Re3 a6 22. b4 g6 23. Rae1 Bg7 24. a4 Nh5 25. f4 Nf6 26. b5 Rd6 27. Qe2 Nh5
28. Qd3 Nf6 29. Kh1 axb5 30. axb5 Kh8 31. Re5 Nh5 32. R5e2 Qf7 33. Na4 Bf6 34.
Qa3 Qe7 35. Nc5 Ng7 36. Qc3 Qc7 37. Qb4 Rb6 38. Nxe6 Qc4 39. Qxc4 dxc4 40. Nxg7
Rxe2 41. Rxe2 Kxg7 42. Rc2 Rxb5 43. Rxc4 Kh6 44. Be6 Rb1+ 45. Kg2 b5 46. Rc7
Rb2+ 47. Kf3 Bxd4 48. Bg8 Rf2+ 49. Ke4 Bg7 50. g4 Rxh2 51. g5+ Kh5 52. Rxg7 Kg4
53. Bxh7 Re2+ 54. Kd3 Rf2 55. Bxg6 Rxf4 56. Be4 Rf1 57. g6 Rd1+ 58. Ke3 Re1+
59. Kd4 b4 60. Rh7 Rd1+ 61. Bd3 Rg1 62. g7 Kf4 63. Rh4+ Kf3 64. Be4+ Ke2 65.
Rh2+ Kf1 66. Rh1 Rxh1 67. Bxh1 Ke2 68. g8=Q Kd1 69. Kd3 Kc1 70. Qa2 Kd1 71.
Qb1# {Amateur checkmated} 1-0

[Event "ICS rated blitz match"]
[Site "204.178.125.65"]
[Date "2001.01.22"]
[Round "?"]
[White "Hossa"]
[Black "Amateur"]
[Result "0-1"]
[WhiteElo "2508"]
[BlackElo "2548"]
[PlyCount "114"]
[EventDate "2001.??.??"]

1. d4 d5 2. c4 e6 3. Nc3 Nf6 4. cxd5 exd5 5. Bg5 Be7 6. Nf3 h6 7. Bh4 O-O 8. e3
Nc6 9. Be2 Be6 10. O-O Ne4 11. Bxe7 Qxe7 12. Qb3 Nxc3 13. bxc3 Rab8 14. Bd3
Rfd8 15. Qc2 Bg4 16. Nd2 Qg5 17. f4 Qf6 18. Nf3 Ne7 19. Ne5 Bh5 20. Bh7+ Kh8
21. g4 Bg6 22. Bxg6 Nxg6 23. c4 Nxe5 24. fxe5 Qe6 25. cxd5 Qxg4+ 26. Kh1 Rf8
27. Rf4 Qc8 28. Rg1 Qd7 29. e4 Qe7 30. Qc1 b5 31. Rf3 b4 32. Rfg3 Rg8 33. R1g2
a5 34. Qf4 Rbd8 35. Rh3 f5 36. Rxh6+ gxh6 37. Qxh6+ Qh7 38. Qf6+ Rg7 39. Qxd8+
Qg8 40. Qf6 Qf7 41. Rxg7 Qxg7 42. Qh4+ Kg8 43. exf5 Qd7 44. Qg5+ Kf8 45. Qf6+
Kg8 46. Qe6+ Qxe6 47. fxe6 Kf8 48. d6 cxd6 49. exd6 a4 50. d7 Ke7 51. Kg2 b3
52. axb3 axb3 53. d5 b2 54. Kf3 b1=Q 55. Kf4 Qd3 56. Ke5 Qe3+ 57. Kf5 Qd4 {
Hossa resigns} 0-1

[Event "ICS rated blitz match"]
[Site "204.178.125.65"]
[Date "2001.01.22"]
[Round "?"]
[White "monsoon"]
[Black "Hossa"]
[Result "1/2-1/2"]
[WhiteElo "2464"]
[BlackElo "2494"]
[PlyCount "263"]
[EventDate "2001.??.??"]

1. d4 d5 2. Nf3 Nf6 3. e3 e6 4. Bd3 c5 5. b3 Nbd7 6. Bb2 cxd4 7. exd4 Nh5 8.
Nc3 Nf4 9. O-O Nxd3 10. Qxd3 Be7 11. Na4 b6 12. c4 Ba6 13. Rac1 Qc7 14. Qe3
dxc4 15. d5 exd5 16. Bxg7 Rg8 17. Bc3 Qd6 18. Rfe1 cxb3 19. axb3 Rg4 20. Nd4
Re4 21. Qh3 Qg6 22. Nf5 Ba3 23. Rxe4+ dxe4 24. Re1 Bb7 25. Ng7+ Kd8 26. Rd1 Bc6
27. Nb2 e3 28. Nd3 e2 29. Re1 Qe4 30. Nf5 Bb5 31. Nc1 Bxc1 32. Rxc1 Bc6 33. Re1
Bd5 34. Nd4 Rc8 35. Bb2 h5 36. Qg3 Qg6 37. Qxg6 fxg6 38. Rxe2 a6 39. f4 Kc7 40.
Ba3 Nc5 41. Re7+ Kb8 42. Re5 Bg8 43. Re3 Bd5 44. Rg3 Be4 45. Bxc5 bxc5 46. Nf3
Bxf3 47. Rxf3 Rf8 48. Kf2 Kb7 49. Ke3 Kc6 50. Rg3 Re8+ 51. Kf3 Re6 52. Rg5 Kb5
53. h4 Kb4 54. f5 gxf5 55. Rxf5 Rh6 56. Ke4 Rh7 57. Kd5 a5 58. Rf4+ Kb5 59. Rf8
Rd7+ 60. Ke6 Rd4 61. g3 Rd3 62. Rb8+ Kc6 63. Rc8+ Kb6 64. Rb8+ Kc7 65. Rh8 Rxg3
66. Kd5 Rxb3 67. Kxc5 Rc3+ 68. Kb5 a4 69. Kxa4 Rc4+ 70. Kb5 Rd4 71. Rh7+ Kd6
72. Rh6+ Ke5 73. Rxh5+ Kf6 74. Rh6+ Kg7 75. Re6 Rd5+ 76. Ka6 Kh7 77. Re7+ Kh8
78. Re8+ Kh7 79. Rc8 Rd6+ 80. Kb7 Rd7+ 81. Rc7 Rxc7+ 82. Kxc7 Kh8 83. Kb8 Kg8
84. Ka7 Kh7 85. Kb8 Kh8 86. Ka7 Kg8 87. Kb8 Kf8 88. Ka7 Kg7 89. Kb8 Kh6 90. Ka7
Kg6 91. Kb8 Kh5 92. Ka7 Kh6 93. Kb8 Kg7 94. Ka7 Kf8 95. Kb8 Ke8 96. Ka7 Kf7 97.
Kb8 Kg6 98. Ka7 Kh5 99. Kb8 Kg4 100. Ka7 Kf5 101. Kb8 Kf6 102. Ka7 Ke7 103. Kb8
Kf7 104. Ka7 Ke8 105. Kb8 Kd8 106. Ka7 Kd7 107. Kb8 Ke7 108. Ka7 Kf6 109. Kb8
Ke6 110. Ka7 Kd6 111. Kb8 Ke5 112. Ka7 Kf4 113. Kb8 Kf5 114. Ka7 Kg4 115. Kb8
Kf4 116. Ka7 Ke5 117. Kb8 Kd6 118. Ka7 Ke6 119. Kb8 Kd7 120. Ka7 Kd8 121. Kb8
Ke8 122. Ka7 Kf7 123. Kb8 Kg6 124. Ka7 Kh5 125. Kb8 Kg4 126. Ka7 Kf5 127. Kb8
Ke4 128. Ka7 Kd5 129. Kb8 Kd4 130. Ka7 Ke4 131. Kb8 Kd5 132. Ka7 {
Game drawn by the 50 move rule} 1/2-1/2

[Event "ICS rated blitz match"]
[Site "204.178.125.65"]
[Date "2001.01.22"]
[Round "?"]
[White "PostModernist"]
[Black "Hossa"]
[Result "0-1"]
[WhiteElo "2632"]
[BlackElo "2493"]
[PlyCount "104"]
[EventDate "2001.??.??"]

1. e4 c5 2. c3 d5 3. exd5 Qxd5 4. d4 Nf6 5. Nf3 Bg4 6. Be2 e6 7. Na3 cxd4 8.
Nb5 Na6 9. Nbxd4 e5 10. Bxa6 bxa6 11. Qe2 Bd6 12. c4 Qb7 13. h3 O-O-O 14. hxg4
exd4 15. Qd3 Qe7+ 16. Kf1 Qe4 17. Qxe4 Nxe4 18. Ng5 Nxg5 19. Bxg5 f6 20. Bd2 d3
21. Rh3 Be5 22. Re1 g5 23. b4 Rd7 24. c5 Kb7 25. g3 Bd4 26. Re6 Rc8 27. f4 Rc6
28. Rxc6 Kxc6 29. Rh6 Kb5 30. Ke1 a5 31. fxg5 fxg5 32. Rd6 Re7+ 33. Kd1 Kc4 34.
c6 Rf7 35. Bxg5 Rf1+ 36. Kd2 Rf3 37. Rxd4+ Kxd4 38. Ke1 Rf8 39. b5 Kc3 40. Bd2+
Kc2 41. Bxa5 d2+ 42. Bxd2 Re8+ 43. Kf2 Kxd2 44. Kf3 Kc3 45. g5 Kb4 46. g6 hxg6
47. Kf4 Kxb5 48. Kg5 Kxc6 49. g4 Re4 50. Kf6 Rxg4 51. Ke6 Re4+ 52. Kf6 g5 {
PostModernist resigns} 0-1

[Event "ICS rated blitz match"]
[Site "204.178.125.65"]
[Date "2001.01.22"]
[Round "?"]
[White "Hossa"]
[Black "PostModernist"]
[Result "1/2-1/2"]
[WhiteElo "2515"]
[BlackElo "2610"]
[PlyCount "324"]
[EventDate "2001.??.??"]

1. c4 e5 2. Nc3 Nf6 3. Nf3 Nc6 4. e3 Bb4 5. Qc2 Bxc3 6. Qxc3 Qe7 7. a3 d5 8. d4
Nxd4 9. Nxd4 exd4 10. Qxd4 c5 11. Qh4 dxc4 12. Bxc4 O-O 13. Bd2 Be6 14. Bb5 Qd8
15. Bc3 Nd5 16. Qxd8 Raxd8 17. Be5 a6 18. Be2 Rfe8 19. Rc1 c4 20. Bf3 Bf5 21.
Bd4 Bd3 22. Rd1 b5 23. h3 f5 24. h4 f4 25. Kd2 Be4 26. Ke2 Bc2 27. Rde1 Nxe3
28. Bxe3 Rd3 29. Rc1 Bb3 30. Rhf1 fxe3 31. fxe3 Rexe3+ 32. Kf2 Re5 33. Kg1 a5
34. Rf2 h5 35. Rcf1 c3 36. bxc3 Rxc3 37. Ra1 Bc4 38. Rd2 Kh7 39. Rd6 b4 40.
axb4 axb4 41. Ra7 Bb5 42. Rb6 b3 43. Ra5 Rcc5 44. Kf2 b2 45. Be4+ Rxe4 46.
Raxb5 Rc2+ 47. Kf3 Ree2 48. Rxh5+ Kg8 49. g4 Rf2+ 50. Ke3 Rce2+ 51. Kd3 Rd2+
52. Kc3 Rc2+ 53. Kd3 Rg2 54. Rb8+ Kf7 55. Rb7+ Kf6 56. Rf5+ Ke6 57. Rfb5 g6 58.
R5b6+ Ke5 59. Rxg6 Kf4 60. Rb4+ Kg3 61. h5 Rgd2+ 62. Ke3 Re2+ 63. Kd3 Rcd2+ 64.
Kc3 Rf2 65. Rb5 Rc2+ 66. Kd4 Rfd2+ 67. Ke4 Rc1 68. Rgb6 Kxg4 69. Ke3 Rcc2 70.
Rg6+ Kh4 71. h6 Rd8 72. h7 Rh8 73. Rg7 Rh2 74. Rb4+ Kh3 75. Kf3 Rf8+ 76. Ke4
Re8+ 77. Kf5 Rf8+ 78. Ke5 Re8+ 79. Kf6 Rf8+ 80. Ke7 Rh8 81. Rb6 Re2+ 82. Kd7
Rd2+ 83. Kc7 Rc2+ 84. Kb7 Rc4 85. Rb3+ Kh4 86. Rxb2 Rg4 87. Rd7 Rg6 88. Rf7 Kh3
89. Rb3+ Kh2 90. Re7 Kg2 91. Re2+ Kf1 92. Rh2 Kg1 93. Rbh3 Kf1 94. Kc7 Ra6 95.
Kd7 Raa8 96. Ke7 Ra7+ 97. Kf6 Kg1 98. Kg6 Ra6+ 99. Kg7 Rb8 100. Rh1+ Kg2 101.
R3h2+ Kg3 102. Re2 Ra7+ 103. Kg6 Rh8 104. Re5 Kg2 105. Reh5 Ra6+ 106. Kg7 Rb8
107. h8=N Rb7+ 108. Nf7 Raa7 109. R5h2+ Kg3 110. Rh3+ Kf2 111. Kf6 Rxf7+ 112.
Ke5 Rfe7+ 113. Kd6 Rg7 114. Rb3 Rg6+ 115. Ke5 Ra5+ 116. Kf4 Rf6+ 117. Ke4 Re6+
118. Kd4 Ree5 119. Rh2+ Kg1 120. Rbh3 Rad5+ 121. Kc4 Rc5+ 122. Kd3 Red5+ 123.
Ke4 Re5+ 124. Kf4 Rf5+ 125. Kg4 Rg5+ 126. Kf4 Ra5 127. Rh6 Raf5+ 128. Ke4 Re5+
129. Kd4 Rd5+ 130. Kc4 Rc5+ 131. Kd3 Rcd5+ 132. Kc3 Rc5+ 133. Kb4 Kf1 134. Ra6
Rb5+ 135. Kc3 Rbc5+ 136. Kd3 Rgd5+ 137. Ke4 Re5+ 138. Kd4 Rcd5+ 139. Kc3 Rc5+
140. Kb4 Rb5+ 141. Kc3 Rec5+ 142. Kd4 Rd5+ 143. Ke4 Re5+ 144. Kf4 Rf5+ 145. Ke3
Rbe5+ 146. Kd3 Rd5+ 147. Ke4 Rfe5+ 148. Kf4 Ra5 149. Rf6 Ke1 150. Rb6 Rf5+ 151.
Ke4 Rae5+ 152. Kd4 Rd5+ 153. Kc4 Rc5+ 154. Kb4 Rfe5 155. Rg6 Rb5+ 156. Kc4
Rec5+ 157. Kd4 Rd5+ 158. Ke4 Re5+ 159. Kf4 Rf5+ 160. Ke4 Rbe5+ 161. Kd3 Rf1
162. Rgg2 Re6 {Game drawn by the 50 move rule} 1/2-1/2

[Event "ICS rated blitz match"]
[Site "204.178.125.65"]
[Date "2001.01.22"]
[Round "?"]
[White "Hossa"]
[Black "Amateur"]
[Result "1-0"]
[WhiteElo "2519"]
[BlackElo "2572"]
[PlyCount "125"]
[EventDate "2001.??.??"]

1. c4 Nf6 2. Nf3 d6 3. d4 Bg4 4. e3 Nc6 5. Bd3 Bxf3 6. Qxf3 e5 7. O-O Be7 8.
Nc3 Nd7 9. Be4 exd4 10. Bxc6 dxc3 11. Bxb7 Rb8 12. bxc3 O-O 13. Rb1 Bh4 14. Ba3
Re8 15. c5 Nxc5 16. Bxc5 dxc5 17. Rb5 Qf6 18. Rxc5 Qb6 19. Rc4 Qxb7 20. Rxh4
Qxf3 21. gxf3 Red8 22. Rd4 Rd6 23. Rfd1 Rbb6 24. Kg2 h5 25. f4 Rb2 26. Rxd6
cxd6 27. Rxd6 Rxa2 28. Kf3 a5 29. Rd5 g6 30. f5 Kf8 31. fxg6 fxg6 32. Rd6 Kf7
33. Ra6 a4 34. c4 a3 35. h4 Ra1 36. Ke4 Rc1 37. Kd4 Ra1 38. Ke5 Kg7 39. f4 Ra2
40. Ra7+ Kh6 41. c5 Rc2 42. Kd6 Rd2+ 43. Kc7 Rd3 44. c6 Rb3 45. Kc8 Rxe3 46. c7
Rb3 47. Ra8 Kg7 48. Kd7 Rd3+ 49. Ke6 Re3+ 50. Kd6 Rc3 51. Rxa3 Rxa3 52. c8=Q
Rd3+ 53. Ke5 Re3+ 54. Kd5 Rd3+ 55. Ke4 Rg3 56. Qd7+ Kh6 57. Ke5 Rg4 58. Qe7
Rxh4 59. Qxh4 Kg7 60. Qe7+ Kh6 61. Kf6 h4 62. Qg7+ Kh5 63. Qxg6# {
Amateur checkmated} 1-0

[Event "ICS rated blitz match"]
[Site "204.178.125.65"]
[Date "2001.01.22"]
[Round "?"]
[White "ChesterX"]
[Black "Hossa"]
[Result "1-0"]
[WhiteElo "2623"]
[BlackElo "2537"]
[PlyCount "138"]
[EventDate "2001.??.??"]

1. d4 Nf6 2. Nf3 g6 3. g3 Bg7 4. Bg2 d5 5. c4 dxc4 6. Qa4+ Nfd7 7. Nbd2 O-O 8.
Nxc4 c5 9. dxc5 Nxc5 10. Qa3 Nba6 11. Be3 Qd5 12. Rc1 Re8 13. O-O Nd7 14. Rfd1
Qf5 15. Bd4 Bh6 16. e3 Qb5 17. Nce5 Nxe5 18. Nxe5 Bf5 19. Bf1 Qb4 20. Nxf7 Kxf7
21. Bxa6 Qxa3 22. Bc4+ Be6 23. Bxe6+ Kxe6 24. bxa3 Red8 25. f4 g5 26. Rd2 Rd7
27. Re2 gxf4 28. exf4+ Kf7 29. Be3 Bg7 30. f5 b6 31. Kg2 Rd3 32. a4 Rd5 33. Rc7
Be5 34. Rb7 Kf6 35. g4 Bd6 36. h4 Kf7 37. Bg5 Re8 38. Rxa7 Rd3 39. Be3 Rb8 40.
g5 Bb4 41. f6 Bd6 42. fxe7 Ke8 43. Bf2 Rd5 44. Be1 Rd4 45. Re6 Bc5 46. Rh6 b5
47. Rc7 Bd6 48. Rc2 bxa4 49. Bf2 Rd5 50. Rxh7 Bxe7 51. Rh8+ Bf8 52. g6 Rb4 53.
Rc8+ Kd7 54. Rcxf8 Rg4+ 55. Kf3 Rxg6 56. h5 Re6 57. h6 Re7 58. Be3 Rh5 59. Bf4
Rc5 60. Rd8+ Ke6 61. Rhf8 Rc6 62. Rd4 Rh7 63. Rxa4 Kd5 64. Rf5+ Ke6 65. Kg4 Rb6
66. Rd4 Rc6 67. a4 Rh8 68. Re4+ Kd7 69. Rf7+ Kd8 {Hossa resigns} 1-0